| 000 | 00402nam a2200145Ia 4500 | ||
|---|---|---|---|
| 008 | 230411s9999 xx 000 0 und d | ||
| 020 | _a978-1-4018-5918-3 | ||
| 041 | _aeng | ||
| 082 | _aF/610.73069/DEL/B03882 | ||
| 100 |
_aDeLaune Sue & Ladner Patricia _9177976 |
||
| 245 | _aFundamentals of Nursing | ||
| 260 |
_bDelmar Publisher _aAustralia _c2006 |
||
| 300 | _a1455p | ||
| 999 |
_c154672 _d154672 |
||